00405nam a2200133 i 4500001000300000100001900003245005900022260002800081040000800109041000800117080000700125008004100132856009800173bg1 aWOWSTER, W. A. 0aPrimenenie tenzorow i teorii grupp... /cW.A. Wowster. aMoskwa :b"Mir",c1977. cBPK apol a53 s pl f |000 0 pol  uhttp://koha.tu.koszalin.pl/cgi-bin/koha/opac-detail.pl?biblionumber=27684yKatalog online BPK